El Rector de Vallfogona Dr. Francesc Vicens García à. Avellaneda / por Juan Serra Vilaró
Descripción Física:
68 p. ; 24 cm
MARC
| LEADER | 00000nam a2200000Ia 4500 | ||
|---|---|---|---|
| 001 | 8014 | ||
| 008 | 160829s1964 xx 000 0 cat d | ||
| 080 | |a L-1-303 | ||
| 100 | |a Serra i Vilaró, J. |9 23564 | ||
| 245 | |a El Rector de Vallfogona Dr. Francesc Vicens García à. Avellaneda / por Juan Serra Vilaró | ||
| 260 | |a Barcelona : |b Diputación Provincial de Barcelona, Biblioteca Central, |c 1964 | ||
| 300 | |a 68 p. ; |c 24 cm | ||
| 490 | |a Conferencias desarrolladas con motivo del IV Centenario del nacimiento de Miguel de Cervantes (1547.1947) ; 7 | ||
| 590 | |a Aquest llibre és una 2a edició, ampliada, d'una altra que porta per títol: 'El Rector de Vallfogona Vicente García, autor del Quijote de Avellaneda' | ||
| 650 | |a Garcia i Torres, Francesc Vicent |9 31703 | ||
| 650 | |a Fernández de Avellaneda, Alonso |9 31704 | ||
| 710 | 2 | |a Biblioteca Central (Barcelona, Catalunya) |9 54533 | |
| 901 | |a Arxiu | ||
| 942 | |n 1 | ||
| 952 | |0 0 |1 0 |4 0 |6 L1303 |7 1 |9 45730 |a Arxiu |b Arxiu |d 2016-12-01 |l 0 |o L-1-303 |p 8014 |r 2016-12-01 00:00:00 |w 2016-12-01 |y ARXIU | ||
| 999 | |c 49230 |d 49230 | ||